000 00548nam a22001932 4500
001 0000008695
005 20151217152039.0
008 080514s xx 000 0 eng d
020 _a0877849323 :
_cKES 700
040 _aKABU
_cKABU
100 1 _aBruce, F. F.
_@0000157914
245 1 0 _aJesus :
_bLord & savior /
_cF. F. Bruce.
260 _aDowners Grove. :
_bIVP,
_c1986.
300 _a228 p.
650 0 _aJesus Christ
_xPerson and offices.
_@0000159087
908 _a080514
950 _@1
999 _c7695
_d7695